000 01870nam a22003857a 4500
003 OSt
005 20260210164355.0
008 260210b ||||| |||| 00| 0 spa d
020 _a9786289506969
040 _cCO-Mq BPB
041 0 _hspa
043 _as-ck---
082 0 4 _a791.43
_bR65m
100 1 0 _aRomero Vega, Iván Darío
_eaut
_9285883
245 1 0 _a1994 :
_bel primer año del resto de nuestras vidas /
_cIván Darío Romero Vega... [y otros cinco].
246 3 3 _aMil novecientos noventa y cuatro
_bel primer año del resto de nuestras vidas
250 _aPrimera edición
264 1 _aBogotá, Colombia :
_bRTVC,
_c2023
300 _a219 páginas :
_bilustraciones, fotografías a color y en blanco y negro, tapa rustica;
_c26 cm
336 _2rdacontent
_atexto
_btxt
337 _2rdamedia
_asin mediación
_bn
338 _2rdacarrier
_avolumen
_bnc
504 _aIncluye bibliografía e índice de imágenes
505 0 _t¿Cuáles fueron los acontecimientos políticos, económicos, sociales y culturales que precedieron la década de los años noventa?
_t¿Cómo transcurrió el año 1994 en materia electoral, política y económica?
_t¿Cuáles fueron los principales sucesos en los medios de comunicación y la cultura impresa en 1994?
_t¿Cómo era la escena nacional deportiva y quiénes fueron los protagonistas durante el año 1994?
521 _aRecomendado para un público adulto
650 1 7 _aCine Documental
_zColombia
_2lemb
_966061
650 1 7 _aTelevisión
_xHistoria
_zColombia
_2lemb
_9323103
651 0 _aColombia
_xHistoria
_xDocumentación
_9325436
700 1 0 _aArias Escobar, Felipe
_eaut
_9170295
700 1 0 _aCastro Suárez, María Alexandra
_eaut
_9285889
700 1 0 _aCembrano, Santiago
_eaut
_9285890
700 1 0 _aOchoa Flórez, Antonio
_eaut
_9170296
700 1 0 _aVera Jaramillo, Laura
_eaut
_9285886
942 _2ddc
_cBK
999 _c16078
_d16078